Snímanie svalovej aktivity na platforme Arduino a jeho využitie pre ovládanie aplikácie

Saved in:
Bibliographic Details
Main Author: Furmánek, Matej (Author)
Other Authors: Bisták, Pavol (Thesis advisor)
Format: Manuscript Book
Language:Slovak
Published: Bratislava : STU v Bratislave FEI, 2020
Subjects:
Online Access:https://opac.crzp.sk/?fn=detailBiblioForm&sid=6A51EE906317AC868B29E9B2A649&seo=CRZP-detail-kniha
Tags: Add Tag
No Tags, Be the first to tag this record!

MARC

LEADER 00000ntm a22000003a 4500
001 stuzp73946
003 SK-STU
005 20200714103017.2
007 ta
008 150427s2015----xo-----f-mn---000-0-slo-d
040 |a STU  |b slo 
041 0 |a slo 
044 |a xo 
100 1 |a Furmánek, Matej  |u 030400  |4 aut  |U FEI Fakulta elektrotechniky a informatiky  |T FEI Ústav automobilovej mechatroniky  |X 72080  |U E400  |Y 642  |7 72080 
242 0 1 |a Measurement of muscular activity on the Arduino platform and its use to control the application  |y eng 
245 1 0 |a Snímanie svalovej aktivity na platforme Arduino a jeho využitie pre ovládanie aplikácie 
260 |a Bratislava : 
260 |b STU v Bratislave FEI, 
260 |c 2020 
300 |a 60 s. 
650 4 |a SpikerShield  |2 slo 
650 4 |a BackyardBrains  |2 slo 
650 4 |a Hrot  |2 slo 
650 4 |a Neuroveda  |2 slo 
650 4 |a 3D model  |2 slo 
650 4 |a EMG  |2 slo 
650 4 |a Mechatronika  |2 slo 
650 4 |a Neuroprotetika  |2 slo 
650 4 |a Arduino  |2 slo 
650 4 |a SpikerShield  |2 eng 
650 4 |a 3D model  |2 eng 
650 4 |a Mechatronics  |2 eng 
650 4 |a Neuroprostetic  |2 eng 
650 4 |a EMG  |2 eng 
650 4 |a Spikes  |2 eng 
650 4 |a Arduino  |2 eng 
650 4 |a BackyardBrains  |2 eng 
650 4 |a Neuroscience  |2 eng 
700 1 |a Bisták, Pavol  |u 030400  |k Z1  |4 ths  |U FEI Fakulta elektrotechniky a informatiky  |T FEI Ústav automobilovej mechatroniky  |X 3708  |U E400  |Y 642  |7 A000003708 
856 4 |u https://opac.crzp.sk/?fn=detailBiblioForm&sid=6A51EE906317AC868B29E9B2A649&seo=CRZP-detail-kniha